Human communication / (Record no. 5211)

MARC details
000 -LEADER
fixed length control field 00722nam a22002297a 4500
003 - CONTROL NUMBER IDENTIFIER
control field OSt
005 - DATE AND TIME OF LATEST TRANSACTION
control field 20250306011022.0
008 - FIXED-LENGTH DATA ELEMENTS--GENERAL INFORMATION
fixed length control field 250306t2003 |||||||| |||| 00| | eng d
020 ## - INTERNATIONAL STANDARD BOOK NUMBER
International Standard Book Number 0-07-256005-3
040 ## - CATALOGING SOURCE
Transcribing agency JMCFI - Learning Resource Center
082 ## - DEWEY DECIMAL CLASSIFICATION NUMBER
Classification number F.P./G.Ed. 302.2 H918 2003
100 ## - MAIN ENTRY--PERSONAL NAME
Personal name Pearson, Judy C
9 (RLIN) 11119
245 ## - TITLE STATEMENT
Title Human communication /
Statement of responsibility, etc. Judy C. Pearson [ and three others].
260 ## - PUBLICATION, DISTRIBUTION, ETC.
Place of publication, distribution, etc. Boston :
Name of publisher, distributor, etc. McGraw-Hill ,
Date of publication, distribution, etc. 2003.
300 ## - PHYSICAL DESCRIPTION
Extent xxviii, 598 pages :
Other physical details colored, illus. ;
Dimensions 23 cm
500 ## - GENERAL NOTE
General note Includes glossary and indexes.
650 ## - SUBJECT ADDED ENTRY--TOPICAL TERM
Topical term or geographic name entry element Communication.
9 (RLIN) 1610
700 ## - ADDED ENTRY--PERSONAL NAME
Personal name Nelson, Paul E
9 (RLIN) 11120
700 ## - ADDED ENTRY--PERSONAL NAME
Personal name Titsworth, Scott
9 (RLIN) 11121
700 ## - ADDED ENTRY--PERSONAL NAME
Personal name Harter, Lynn
9 (RLIN) 11122
942 ## - ADDED ENTRY ELEMENTS (KOHA)
Source of classification or shelving scheme Dewey Decimal Classification
Koha item type Books
Suppress in OPAC No
Holdings
Withdrawn status Lost status Source of classification or shelving scheme Damaged status Not for loan Home library Current library Shelving location Date acquired Total Checkouts Full call number Barcode Date last seen Copy number Price effective from Koha item type
    Dewey Decimal Classification     LRC - College (Main) LRC - College (Main) Foreign Publications - General Education 08/23/2007   F.P./G.Ed. 302.2 H918 2003 00006099 03/06/2025 1 03/06/2025 Books